000 00967nam a2200277 i 4500
003 CO-BoRNBP
005 20250117105138.0
007 ta
008 250117s2019 Uy ||||| |||| 00| 0 spa d
020 _a9789974894662
040 _aCO-BoRNBP
_bspa
_cCO-BoRNBP
_erda
041 _aspa
084 _aC DAL
100 _aDale, Elizabeth
_eautor
_957562
245 _aHistorias con ositos - Cuentos 2 en 1/
_cElizabeth Dale; ilustraciones, Paula Bowes; traducción, Equipo Editorial Cypres
264 4 _aMontevideo, Uruguay,
_b©Latinbooks Interantional S.A.
_c2019
300 _a24 páginas,
_bilustraciones a color, tapa dura,
_calto 20 cm ancho 20 cm
336 _2rdacontent
_atexto
_btxt
337 _2rdamedia
_asin mediación
_bn
338 _2rdacarrier
_avolumen
_bnc
490 _aCuentos 2 en 1
650 _2LEMB
_aLiteratura infantil
_92746
650 _2LEMB
_aCuentos de ositos
_957563
650 _2LEMB
_aCuentos divertidos
_957561
942 _2ddc
_cBKINF
999 _c56771
_d56771